Introduction to Well logs & Subsurface Maps / (Record no. 11453)
[ view plain ]
| 000 -LEADER | |
|---|---|
| fixed length control field | 01667cam a2200325 a 4500 |
| 001 - CONTROL NUMBER | |
| control field | 15032908 |
| 005 - DATE AND TIME OF LATEST TRANSACTION | |
| control field | 20080721175840.0 |
| 008 - FIXED-LENGTH DATA ELEMENTS--GENERAL INFORMATION | |
| fixed length control field | 071003s2008 okua b 001 0 eng |
| 010 ## - LIBRARY OF CONGRESS CONTROL NUMBER | |
| LC control number | 2007041130 |
| 020 ## - INTERNATIONAL STANDARD BOOK NUMBER | |
| International Standard Book Number | 9781593701383 (pbk.) |
| 020 ## - INTERNATIONAL STANDARD BOOK NUMBER | |
| International Standard Book Number | 1593701381 (pbk.) |
| 035 ## - SYSTEM CONTROL NUMBER | |
| System control number | (OCoLC)ocn174040222 |
| 035 ## - SYSTEM CONTROL NUMBER | |
| System control number | (OCoLC)174040222 |
| 040 ## - CATALOGING SOURCE | |
| Original cataloging agency | DLC |
| Transcribing agency | DLC |
| Modifying agency | YDX |
| -- | BAKER |
| -- | BTCTA |
| -- | YDXCP |
| -- | DLC |
| 050 00 - LIBRARY OF CONGRESS CALL NUMBER | |
| Classification number | TN871.35 |
| Item number | .E94 2008 |
| 082 00 - DEWEY DECIMAL CLASSIFICATION NUMBER | |
| Classification number | 622.1828 |
| Edition number | 22 |
| Item number | EVE |
| 100 1# - MAIN ENTRY--PERSONAL NAME | |
| Personal name | Evenick, Jonathan. |
| 9 (RLIN) | 4420 |
| 245 10 - TITLE STATEMENT | |
| Title | Introduction to Well logs & Subsurface Maps / |
| Statement of responsibility, etc | Jonathan Evenick. |
| 246 3# - VARYING FORM OF TITLE | |
| Title proper/short title | Introduction to well logs and subsurface maps |
| 260 ## - PUBLICATION, DISTRIBUTION, ETC. (IMPRINT) | |
| Place of publication, distribution, etc | Tulsa, Okla. : |
| Name of publisher, distributor, etc | PennWell, |
| Date of publication, distribution, etc | c2008. |
| 300 ## - PHYSICAL DESCRIPTION | |
| Extent | xiii, 236 p. : |
| Other physical details | ill. ; |
| Dimensions | 23 cm. |
| 504 ## - BIBLIOGRAPHY, ETC. NOTE | |
| Bibliography, etc | Includes bibliographical references (p. [225]-226) and index. |
| 650 #0 - SUBJECT ADDED ENTRY--TOPICAL TERM | |
| Topical term or geographic name as entry element | Geophysical well logging |
| General subdivision | Data processing. |
| 9 (RLIN) | 4421 |
| 650 #0 - SUBJECT ADDED ENTRY--TOPICAL TERM | |
| Topical term or geographic name as entry element | Geological mapping |
| General subdivision | Data processing. |
| 9 (RLIN) | 4422 |
| 942 ## - ADDED ENTRY ELEMENTS (KOHA) | |
| Source of classification or shelving scheme | Dewey Decimal Classification |
| Item type | Book - Borrowing |
| Withdrawn status | Item status | Source of classification or shelving scheme | Damaged status | Not for loan | Vendor | Home library | Current library | Shelving location | Date acquired | Source of acquisition | Cost, normal purchase price | Serial Enumeration / chronology | Total Checkouts | Total Renewals | Full call number | Barcode | Date last seen | Date last borrowed | Koha item type |
|---|---|---|---|---|---|---|---|---|---|---|---|---|---|---|---|---|---|---|---|
| Dewey Decimal Classification | Central Library | Central Library | First floor | 28/04/2009 | 475.00 | 955 | 6 | 5 | 622.1828 EVE | 000016008 | 15/07/2025 | 04/11/2018 | Book - Borrowing | ||||||
| Dewey Decimal Classification | Central Library | Central Library | First floor | 08/12/2009 | 3 | 622.1828 EVE | 000018778 | 15/07/2025 | 21/01/2013 | NB - Book (Non borrowing) | |||||||||
| Dewey Decimal Classification | Central Library | Central Library | First floor | 08/12/2009 | 13 | 52 | 622.1828 EVE | 000018779 | 15/07/2025 | 18/02/2017 | Book - Borrowing |